[Event "Ibercaja op"]
[Site "Zaragoza"]
[Date "1994.??.??"]
[Round "5"]
[White "Rodriguez, Rafael"]
[Black "Marin, Mihail"]
[Result "0-1"]
[WhiteElo "2275"]
[BlackElo "2530"]

1.e4 c5 2.Nf3 d6 3.Bb5+ Bd7 4.Bxd7+ Qxd7 5.O-O Nc6 6.c4 Nf6 7.Nc3 e6 8.d4 cxd4
9.Nxd4 Be7 10.Be3 O-O 11.Rc1 Rac8 12.b3 b6 13.Nxc6 Qxc6 14.Qf3 a6 15.a4 Nd7
16.Bd4 Rfd8 17.Rce1 Bf6 18.Bxf6 Nxf6 19.Re3 Qc5 20.Rd1 Rd7 21.Red3 Rcd8 22.h3 h6
23.R1d2 Kf8 24.Nd1 Qe5 25.Rd4 g5 26.Ne3 h5 27.g3 Ke7 28.Ng2 g4 29.hxg4 hxg4
30.Qf4 Qxf4 31.gxf4 e5 32.fxe5 dxe5 33.Rxd7+ Rxd7 34.Rxd7+ Kxd7 35.Ne3 Kd6
36.Nd5 Nxe4 37.Nxb6 a5 38.Nd5 Nd2 39.Ne3 Nxb3 40.Nxg4 Nc5 41.Kf1 Nxa4 42.Ke2 Nb2
43.c5+ Kxc5 44.Nxe5 a4 45.Nf3 a3 46.Ne1 a2 47.Nc2 Kc4 48.Kd2 Nd3 49.f3 Nb4
50.Na1 f6 51.f4 f5 52.Kd1 Kd3  0-1

[Event "Zuerich op"]
[Site "Zuerich"]
[Date "1994.??.??"]
[Round "?"]
[White "Shrentzel, Israel"]
[Black "Ballmann, Martin"]
[Result "1/2-1/2"]
[WhiteElo "2295"]
[BlackElo "2335"]

1.e4 c5 2.Nf3 d6 3.Bb5+ Bd7 4.a4 Nc6 5.O-O Nf6 6.Re1 a6 7.Bf1 Bg4 8.h3 Bxf3
9.Qxf3 g6 10.c3 Bg7 11.Qd1 Nd7 12.d3 O-O 13.Be3 b5 14.Nd2 b4 15.Qc2 Qb8 16.f4 Rc8
17.Rec1 Na5 18.Qd1 bxc3 19.bxc3 Qa7 20.h4 Rab8 21.Ra2 Rb7 22.h5 Rcb8 23.hxg6 hxg6
24.Rcc2 Qb6 25.f5 gxf5 26.exf5 d5 27.Qh5 Nb3 28.Nf3 d4 29.Ng5 Ne5 30.Bf4 Qh6
31.Qxh6 Bxh6 32.Bxe5 Bxg5 33.Bxb8 Rxb8 34.c4 Kg7 35.Kf2 Be3+ 36.Kf3 Rh8 37.Rab2 Rh1
38.Rxb3 Rxf1+ 39.Kg4 Rf4+ 40.Kg3 Rxf5 41.Rb6 a5 42.Rb5 Kg6 43.Rxa5 f6 44.Rb5 Rg5+
45.Kf3 Rf5+  1/2-1/2

[Event "London SCCU op"]
[Site "London"]
[Date "1995.08.??"]
[Round "2"]
[White "Mashayekh, Majid"]
[Black "Wood, David A"]
[Result "1/2-1/2"]
[WhiteElo "2048"]
[BlackElo "2285"]

1.e4 c5 2.Nf3 d6 3.Bb5+ Nd7 4.d4 Nf6 5.Nc3 a6 6.Bxd7+ Nxd7 7.Be3 e6 8.O-O Qc7
9.a4 cxd4 10.Bxd4 Ne5 11.a5 Be7 12.Bb6 Qd7 13.Qe2 Nxf3+ 14.Qxf3 O-O 15.Rfd1 f5
16.e5 d5 17.Ne2 Qe8 18.c4 dxc4 19.Nd4 Rb8 20.Qc3 Bd7 21.Qxc4 Rc8 22.Qb3 Bg5
23.Nf3 Bh6 24.Rd6 Kh8 25.Nd4 Bf4 26.Nf3 Bc6 27.Be3 Bxf3 28.Bxf4 Bd5  1/2-1/2

[Event "London SCCU op"]
[Site "London"]
[Date "1995.08.??"]
[Round "2"]
[White "Donovan, Nigel"]
[Black "Dutta, Shyamol"]
[Result "1/2-1/2"]
[WhiteElo "2160"]
[BlackElo "2110"]

1.e4 c5 2.Nf3 d6 3.Bb5+ Bd7 4.Bxd7+ Qxd7 5.O-O Nf6 6.e5 dxe5 7.Nxe5 Qc7 8.d4 cxd4
9.Qxd4 Nc6 10.Nxc6 Qxc6 11.Bg5 Nd7 12.Nc3 f6 13.Be3 e5 14.Qd5 Bb4 15.Qxc6 bxc6
16.Na4 Ba5 17.Rfd1 Nb6 18.Nxb6 Bxb6 19.Rd6 Ke7 20.Rxc6 Bxe3 21.fxe3 Rhc8
22.Rxc8 Rxc8 23.Rc1 Rd8 24.Rf1 Rd2 25.Rf2 Rd1+ 26.Rf1 Rd2 27.Rf2  1/2-1/2

[Event "London SCCU op"]
[Site "London"]
[Date "1995.08.??"]
[Round "5"]
[White "Donovan, Nigel"]
[Black "Obiamiwe, Paul"]
[Result "0-1"]
[WhiteElo "2160"]
[BlackElo "2065"]

1.e4 c5 2.Nf3 d6 3.Bb5+ Bd7 4.Bxd7+ Qxd7 5.O-O Nc6 6.c3 g6 7.d4 cxd4 8.cxd4 Bg7
9.Nc3 Nf6 10.e5 dxe5 11.d5 e4 12.dxc6 Qxd1 13.Rxd1 exf3 14.Nb5 O-O 15.cxb7 Rab8
16.Nxa7 Rxb7 17.Nc6 Rc8 18.gxf3 e6 19.a4 Nd5 20.Nd4 Rb4 21.Nb5 Bxb2 22.Bxb2 Rxb2
23.Rdb1 Rcc2 24.Rxb2 Rxb2 25.Nd6 Nb4 26.a5 Na6 27.Rc1 Ra2 28.Rc8+ Kg7 29.Ne8+ Kh6
30.Ra8 Rxa5 31.Nc7 Rg5+  0-1

[Event "Aalborg"]
[Site "Aalborg"]
[Date "1995.??.??"]
[Round "6"]
[White "Berg, Klaus"]
[Black "Kristiansen, Jens"]
[Result "0-1"]
[WhiteElo "2420"]
[BlackElo "2455"]

1.e4 c5 2.Nf3 d6 3.Bb5+ Nc6 4.O-O Bd7 5.Re1 a6 6.Bxc6 Bxc6 7.c3 Nf6 8.d4 Bxe4
9.Bg5 Bg6 10.d5 Qd7 11.c4 Ne4 12.Bh4 h6 13.Qb3 Bf5 14.Nc3 Nxc3 15.Qxc3 Rg8
16.Rad1 g5 17.Bg3 Bg7 18.Qa3 Bf6 19.b4 b6 20.h4 Kf8 21.hxg5 hxg5 22.Nd2 Kg7
23.Ne4 Bxe4 24.Rxe4 Qf5 25.f3 Rh8 26.Be1 Rh6 27.Bc3 Rah8 28.Kf2 Rh4 29.g4 Rh2+  0-1

[Event "Alma Ata"]
[Site "Alma Ata"]
[Date "1995.??.??"]
[Round "4"]
[White "Barua, Dibyendu"]
[Black "Irzhanov, Ruslan"]
[Result "1/2-1/2"]
[WhiteElo "2515"]
[BlackElo "2440"]

1.e4 c5 2.Nf3 d6 3.Bb5+ Bd7 4.Bxd7+ Qxd7 5.O-O Nc6 6.c3 Nf6 7.Qe2 e6 8.d4 cxd4
9.cxd4 d5 10.e5 Ne4 11.Be3 Be7 12.Ne1 f6 13.f3 Ng5 14.Nd3 O-O 15.Bf2 fxe5
16.dxe5 Qe8 17.Nc3 Qh5 18.Kh1 a6 19.a3 Rac8 20.Bb6 Nb8 21.Rac1 Nd7 22.Bd4 Rc4
23.Qe3 Nf7 24.Nxd5 exd5 25.e6 Bd6 26.f4 Nf6 27.Bxf6 gxf6 28.exf7+ Qxf7 29.Rxc4 dxc4
30.Nc5 Kh8 31.Ne6 Re8 32.f5 Qh5 33.g3 Qh3 34.Rd1 Qxf5 35.Rxd6 Rxe6 36.Rxe6 Qf1+
37.Qg1 Qf3+ 38.Qg2 Qd1+ 39.Qg1  1/2-1/2

[Event "Altensteig"]
[Site "Altensteig"]
[Date "1995.??.??"]
[Round "11"]
[White "Slobodjan, Roman"]
[Black "Gabriel, Christian"]
[Result "0-1"]
[WhiteElo "2500"]
[BlackElo "2475"]

1.e4 c5 2.Nf3 d6 3.Bb5+ Bd7 4.Qe2 Bxb5 5.Qxb5+ Qd7 6.Qxd7+ Nxd7 7.Nc3 a6
8.O-O e6 9.Rd1 Ne7 10.d4 cxd4 11.Nxd4 Rc8 12.f3 Nc6 13.Be3 Nce5 14.Nce2 Be7
15.b3 g5 16.c4 Rg8 17.Kf2 h5 18.h3 Nc5 19.Rh1 Bf6 20.Rad1 Ke7 21.Nc1 Rg7
22.Nde2 Rgg8 23.Nd4 g4 24.hxg4 hxg4 25.Rh7 gxf3 26.gxf3 Rg6 27.Rg1 Ncd3+
28.Nxd3 Nxd3+ 29.Kf1 Rxg1+ 30.Bxg1 b5 31.Ke2 bxc4 32.bxc4 Nc1+ 33.Kd2 Rxc4
34.Nc2 Nxa2 35.Rh5 Ra4 36.Be3 Be5 37.f4 Bb2 38.e5 Bc1+ 39.Kd3 Bxe3 40.exd6+ Kxd6
41.Kxe3 Nb4 42.Nxb4 Rxb4 43.Ra5 Rb6 44.Kd4 Kc6 45.Kc4 Kb7 46.Re5 Rb5 47.Re1 Kc6
48.Kd4 a5 49.Rc1+ Kd6 50.Rc8 Rb4+ 51.Ke3 f5 52.Ra8 Re4+ 53.Kf3 a4 54.Rc8 Kd5
55.Rc7 Kd4 56.Rc8 Kd3 57.Rc6 Kd2 58.Kg3 a3 59.Ra6 Re3+ 60.Kf2 Rc3 61.Rxe6 Kc2
62.Ke2 a2 63.Ra6 Kb2 64.Kd2 Rb3  0-1

[Event "Ano Liosia op"]
[Site "Ano Liosia"]
[Date "1995.??.??"]
[Round "2"]
[White "Tzoumbas, Anastasios"]
[Black "Karagianni, Evangelia"]
[Result "1-0"]
[WhiteElo "2360"]
[BlackElo "2055"]

1.e4 c5 2.Nf3 d6 3.Bb5+ Bd7 4.Bxd7+ Qxd7 5.O-O Nc6 6.c4 e5 7.Nc3 Nge7 8.Nd5 Nd4
9.Nxd4 cxd4 10.f4 Rc8 11.d3 b5 12.Nxe7 Bxe7 13.cxb5 Qxb5 14.fxe5 dxe5 15.Qg4 Rc6
16.Qxg7 Rf8 17.Qxh7 Qxd3 18.Bh6 Rxh6 19.Qxh6 Qxe4 20.Rac1 Kd7 21.Rfe1 Qb7
22.Rxe5 Bd6 23.Qh3+ Kd8 24.Qh4+  1-0

[Event "ARG-ch"]
[Site "?"]
[Date "1995.??.??"]
[Round "15"]
[White "Rosito, Jorge"]
[Black "Ricardi, Pablo"]
[Result "0-1"]
[WhiteElo "2340"]
[BlackElo "2545"]

1.e4 c5 2.Nf3 d6 3.Bb5+ Bd7 4.Bxd7+ Nxd7 5.O-O Ngf6 6.Qe2 e6 7.b3 Be7 8.Bb2 O-O
9.c4 a6 10.d4 cxd4 11.Nxd4 Re8 12.Nc3 Bf8 13.Kh1 Rc8 14.Rad1 Qa5 15.f4 Qh5
16.Nf3 Qh6 17.Bc1 Nh5 18.Qe1 f5 19.e5 d5 20.Ne2 Nc5 21.g4 fxg4 22.f5 g5 23.Nxg5 exf5
24.Rxf5 dxc4 25.bxc4 Qc6+ 26.Kg1 h6 27.Nd4 Qg6 28.Nf7 Ne6 29.Qe4 Neg7 30.Nxh6+ Kh7
31.Nf7 Nxf5 32.Ng5+ Kh8 33.Nxf5 Ng7 34.Rf1 Bc5+ 35.Kg2 Rf8 36.Nxg7 Rxf1 37.Kxf1 Qxe4
38.Nxe4 Kxg7 39.Bg5 Kg6 40.Bf6 Kf5 41.Ng3+ Ke6 42.Ne4 Bb4 43.Ng5+ Kf5 44.Ke2 Rxc4
45.Kd3 Rc3+ 46.Kd4 Rc2  0-1

[Event "Arhus Sommer"]
[Site "Arhus"]
[Date "1995.??.??"]
[Round "9"]
[White "Nielsen, Soren Holst"]
[Black "Jakobsen, Peter"]
[Result "1/2-1/2"]
[WhiteElo "2195"]
[BlackElo "2250"]

1.e4 c5 2.Nf3 d6 3.Bb5+ Bd7 4.Bxd7+ Qxd7 5.O-O Nc6 6.c3 Nf6 7.d4 Nxe4 8.d5 Ne5
9.Nxe5 dxe5 10.Re1 Nd6 11.Rxe5 g6 12.Re2 Bg7 13.Bg5 Nf5 14.Qb3 h6 15.Bf4 Rd8
16.Na3 g5 17.Bg3 Qxd5 18.Qa4+ Qd7 19.Qxa7 Qc6 20.Qa5 O-O 21.Qc7 Qa6 22.Rc2 Rd5
23.Re1 Rfd8 24.Rcc1 e6 25.h3 b6 26.Qc6 Nxg3 27.fxg3 Rc8 28.Qb5 Qxb5 29.Nxb5 c4
30.a4 Rd2 31.Rb1 Ra8 32.Re4 Rxa4 33.Na3 Bxc3 34.bxc3 Rxa3 35.Rxc4 Raa2 36.h4 Rxg2+
37.Kf1 Rxg3 38.hxg5 hxg5 39.Rxb6 Rh3 40.Kg1 Rd3 41.Rb1 Kg7 42.Rc7 Rc2 43.Rf1 Rcxc3
44.Rfxf7+  1/2-1/2

[Event "Asiag tt"]
[Site "Asiag"]
[Date "1995.??.??"]
[Round "3"]
[White "Briganti, A."]
[Black "Stavru, Alessandro"]
[Result "0-1"]
[WhiteElo "1800"]
[BlackElo "2205"]

1.e4 c5 2.Nf3 d6 3.Bb5+ Bd7 4.Bxd7+ Nxd7 5.O-O Ngf6 6.d3 g6 7.c4 Bg7 8.Nc3 O-O
9.Bg5 h6 10.Bd2 a6 11.Nh4 e6 12.Qe2 Rc8 13.a4 d5 14.cxd5 exd5 15.exd5 Re8
16.Qd1 Nxd5 17.Nxd5 Qxh4 18.Bc3 Ne5 19.a5 Rcd8 20.Ra4 Qg5 21.f4 Nf3+ 22.Qxf3 Qxd5
23.Bxg7 Kxg7 24.f5 Qxd3 25.f6+ Kg8 26.Qxb7 Qe3+ 27.Kh1 Rd1 28.Qxa6 Qf2 29.Rf4 Rxf1+
30.Qxf1 Qxf4  0-1

[Event "Asti op"]
[Site "Asti"]
[Date "1995.??.??"]
[Round "3"]
[White "Legky, Nikolay A"]
[Black "Faraoni, Enrico"]
[Result "1-0"]
[WhiteElo "2510"]
[BlackElo "2135"]

1.e4 c5 2.Nf3 d6 3.Bb5+ Bd7 4.a4 Nf6 5.O-O g6 6.e5 dxe5 7.Nxe5 Bg7 8.Qf3 Qc7
9.d4 O-O 10.Bf4 Bxb5 11.axb5 Nh5 12.Nxg6 Nxf4 13.Nxf8 Kxf8 14.b6 Qxb6 15.Qxf4 cxd4
16.Qf5 Nc6 17.Qxh7 Ne5 18.Ra3 d3 19.cxd3 Qxb2 20.Qe4 Nc6 21.Ra4 Rd8 22.Rc4 Rd4
23.Qf5 e6 24.Qc5+ Kg8 25.Qg5 a5 26.Nd2 Rxd3 27.Nf3 Qa2 28.Rg4 Qb2 29.Nd4 Qxd4
30.Rxd4 Rxd4 31.Qb5 Rd7 32.g3 Kf8 33.Kg2 Ke8 34.Rc1 Kd8 35.Qg5+ f6 36.Qe3 e5
37.Qb3 Kc7 38.Rc5 f5 39.Rd5 Rxd5 40.Qxd5 a4 41.Qf7+  1-0

[Event "Asti op"]
[Site "Asti"]
[Date "1995.??.??"]
[Round "5"]
[White "Nurkic, Sahbaz"]
[Black "Csom, Istvan"]
[Result "0-1"]
[WhiteElo "2420"]
[BlackElo "2455"]

1.e4 c5 2.Nf3 d6 3.Bb5+ Bd7 4.Bxd7+ Nxd7 5.O-O Ngf6 6.Re1 e6 7.c3 Be7 8.d3 O-O
9.Bg5 Ne5 10.Na3 Rc8 11.Nc4 Qc7 12.Nfxe5 dxe5 13.a4 Rfe8 14.Bh4 Nd7 15.Bg3 f6
16.Qb3 Nb8 17.Rad1 Bf8 18.Rf1 Nd7 19.f4 exf4 20.Rxf4 Qc6 21.Rdf1 b6 22.Rh4 a6
23.Qd1 g6 24.Rg4 b5 25.axb5 axb5 26.Ne3 Bg7 27.h4 f5 28.exf5 exf5 29.Nxf5 gxf5
30.Rxf5 Re6 31.h5 Rf8 32.Rfg5 Rf7 33.Qb3 h6 34.Rg6 Nf8 35.Rxe6 Qxe6 36.Qd1 Qd5
37.d4 cxd4 38.cxd4 Rd7 39.Bf4 Qf5 40.Bxh6 Kh7 41.Rf4 Qe6 42.Qd3+ Kg8 43.Bg5 Rd5
44.Qg3 Nh7 45.Bh4 Rxh5 46.Rg4 Qd7 47.Qb8+ Nf8 48.Qg3 Rf5 49.Qb3+ Qd5 50.Qxd5+ Rxd5
51.Bf6 Ne6 52.Bxg7 Nxg7 53.Kf2 Kf7 54.Ke3 Ne6 55.Rh4 Ke7 56.Rg4 Kd6 57.Rg6 Rf5
58.g4 Rf1 59.Rh6 Rg1 60.Kf3 Rb1 61.Ke4 Rxb2 62.d5 Rb4+  0-1

[Event "Asti op"]
[Site "Asti"]
[Date "1995.??.??"]
[Round "6"]
[White "Nurkic, Sahbaz"]
[Black "Legky, Nikolay A"]
[Result "0-1"]
[WhiteElo "2420"]
[BlackElo "2510"]

1.e4 c5 2.Nf3 d6 3.Bb5+ Bd7 4.Bxd7+ Qxd7 5.O-O Nc6 6.Re1 Nf6 7.d4 cxd4 8.Nxd4 g6
9.Nxc6 bxc6 10.b3 Bg7 11.Bb2 O-O 12.c4 Rad8 13.Nd2 Qc7 14.Qc2 Qb6 15.Nf3 Nd7
16.Bxg7 Kxg7 17.e5 Nxe5 18.Nxe5 dxe5 19.Rxe5 e6 20.Rae1 Rd4 21.Qc3 Rfd8 22.R5e4 c5
23.h3 Kg8 24.R4e2 a5 25.Re5 R8d6 26.Qe3 a4 27.bxa4 Rxc4 28.Qb3 Rb4 29.Qc3 Rc6
30.Rc1 Rb1 31.Rxb1 Qxb1+ 32.Kh2 Qd1 33.Qc4 Qd4 34.Qxd4 cxd4 35.Re4 Rd6 36.f4 d3
37.Re1 Rd4 38.Rd1 Rxf4 39.Rxd3 Rxa4 40.a3 h5 41.Kg3 Kg7 42.Kf3 f5 43.g3 g5  0-1

[Event "Juan Fontclara mem"]
[Site "Asuncion"]
[Date "1995.??.??"]
[Round "8"]
[White "Jodorcovsky, Paulo"]
[Black "Santacruz, Cesar S"]
[Result "1/2-1/2"]
[WhiteElo "2260"]
[BlackElo "2320"]

1.e4 c5 2.Nf3 d6 3.Bb5+ Bd7 4.Bxd7+ Qxd7 5.c4 Nc6 6.Nc3 Nf6 7.O-O g6 8.d4 cxd4
9.Nxd4 Bg7 10.Nde2 O-O 11.f3 Ne5 12.b3 a6 13.a4 e6 14.Be3 Qc7 15.Rc1 Rfd8
16.Qd2 b6 17.Rfd1 Qb7 18.Nf4 Rab8 19.Qf2 Nc6 20.Kh1 Na5 21.Qa2 Rbc8 22.Rd2 Ne8
23.Nce2  1/2-1/2

[Event "AUT-chT2W 9495"]
[Site "Austria"]
[Date "1995.??.??"]
[Round "?.3"]
[White "Planatscher, Alois"]
[Black "Kuehne, Daniel"]
[Result "1-0"]
[WhiteElo "1915"]
[BlackElo "1615"]

1.e4 c5 2.Nf3 d6 3.Bb5+ Bd7 4.Bxd7+ Nxd7 5.O-O g6 6.c3 Bg7 7.d4 cxd4 8.cxd4 Ngf6
9.Nc3 O-O 10.Bg5 h6 11.Bh4 Kh7 12.h3 Qb6 13.e5 Ng8 14.Qe2 dxe5 15.dxe5 Rac8
16.Rad1 Rfd8 17.Rd5 Nc5 18.Rfd1 Ne6 19.Bg3 a6 20.h4 Rxd5 21.Rxd5 Qb4 22.Qd2 Qc4
23.Rd7 Rc7 24.Rd5 Rc8 25.Rd3 Rc7 26.Kh2 Rc8 27.a3 h5 28.Ng5+ Nxg5 29.hxg5 e6
30.Rd4 Qc7 31.Rd7 Qc5 32.Rxf7 Rc7 33.Rxc7 Qxc7 34.Qd6 Qf7 35.Qd4 Ne7 36.f4 Nf5
37.Qd3 Bf8 38.Bf2 Kg7 39.Ne4 Qc7 40.Nf6 Be7 41.Ne8+  1-0

[Event "AUT-chT2S 9495"]
[Site "?"]
[Date "1995.??.??"]
[Round "4"]
[White "Hresc, Vladimir"]
[Black "Groszpeter, Attila"]
[Result "0-1"]
[WhiteElo "2420"]
[BlackElo "2520"]

1.e4 c5 2.Nf3 d6 3.Bb5+ Bd7 4.Bxd7+ Nxd7 5.d4 cxd4 6.Qxd4 Ngf6 7.Nc3 g6 8.O-O Bg7
9.Bg5 O-O 10.Rad1 Qb6 11.Nd5 Nxd5 12.Qxd5 Nf6 13.Qd4 Rfc8 14.Ne1 Qa6 15.b3 Qxa2
16.Ra1 Nxe4 17.Rxa2 Bxd4 18.Bxe7 Re8 19.Bh4 Nd2 20.Nf3 Nxf1 21.Nxd4 Re4 22.Nb5 Nd2
23.f4 Rxf4 24.g3 Nf3+ 25.Kh1 Re4 26.c4 Rae8 27.Rf2 Nxh4 28.gxh4 Re1+ 29.Kg2 R8e2
30.Nxa7 Rxf2+ 31.Kxf2 Rb1 32.Nc8 Rb2+ 33.Ke3 Rxb3+ 34.Kd4 b5  0-1

[Event "AUT-chT2S 9495"]
[Site "?"]
[Date "1995.??.??"]
[Round "8"]
[White "Baumegger, Siegfried"]
[Black "Schweda, Roland"]
[Result "1/2-1/2"]
[WhiteElo "2190"]
[BlackElo "2325"]

1.e4 c5 2.Nf3 d6 3.Bb5+ Bd7 4.Bxd7+ Qxd7 5.O-O Nc6 6.c3 Nf6 7.d4 cxd4 8.cxd4 e6
9.d5 Ne5 10.dxe6 fxe6 11.Nc3 Nxf3+ 12.Qxf3 Be7 13.Rd1 O-O 14.Qh3 Rad8 15.Be3 b6
16.e5 Ne8 17.exd6 Nxd6 18.Ne4 Rf5 19.Qg4 Rd5 20.Nc3 Rf5 21.Rd3 Qc6 22.Rad1 Nf7
23.Rxd8+ Bxd8 24.Qe4 Qxe4 25.Nxe4 Kf8 26.Kf1 Rd5 27.Ke2 Ke7 28.Rxd5 exd5
29.Ng5 h6 30.Nxf7 Kxf7 31.Bd4 a6 32.Kd3 g6 33.h3 Ke6 34.f4 h5 35.g4 hxg4
36.hxg4 Bc7 37.Ke3 Bd8 38.Be5 Be7 39.Kd3 b5 40.b3 Bc5 41.Bd4 Be7 42.Be5 Bc5
43.Bd4  1/2-1/2

[Event "AUT-chT2S 9495"]
[Site "?"]
[Date "1995.??.??"]
[Round "11"]
[White "Mencinger, Vojko"]
[Black "Ftacnik, Lubomir"]
[Result "1/2-1/2"]
[WhiteElo "2365"]
[BlackElo "2570"]

1.e4 c5 2.Nf3 d6 3.Bb5+ Bd7 4.Bxd7+ Nxd7 5.O-O Ngf6 6.Re1 e6 7.c3 Be7 8.d4 cxd4
9.cxd4 d5 10.e5 Ne4 11.Nbd2 Nxd2 12.Bxd2 O-O 13.Rc1 b5 14.Qb3 Rb8 15.Bb4 Bxb4
16.Qxb4 a5 17.Qd6 Nb6 18.Qxd8 Rfxd8 19.b3 Rdc8 20.Kf1 Kf8 21.Ke2 Ke7 22.Rc5 Nd7
23.Rcc1 f6 24.Ke3 Ra8 25.Kd2 fxe5 26.Nxe5 Nxe5 27.dxe5 Kd7 28.f4 a4 29.Rxc8 Rxc8
30.Rc1 Rf8 31.Ke3 g5 32.g3 gxf4+ 33.gxf4 axb3 34.axb3 Ra8 35.Rc5 Ra2 36.Rxb5 Kc6
37.Rb8 Rxh2 38.b4 Rh3+ 39.Kd4 Rb3 40.b5+ Kc7 41.Rh8 Rb4+ 42.Ke3 Rxb5  1/2-1/2

[Event "AUT-chT9495"]
[Site "?"]
[Date "1995.??.??"]
[Round "?"]
[White "Grillitsch, Karl"]
[Black "Balinov, Ilija"]
[Result "0-1"]
[WhiteElo "2285"]
[BlackElo "2340"]

1.e4 c5 2.Nf3 d6 3.Bb5+ Nd7 4.d4 Nf6 5.Nc3 a6 6.Bxd7+ Nxd7 7.Be3 cxd4 8.Qxd4 e6
9.O-O-O Qc7 10.Rhe1 Ne5 11.Nd2 b5 12.f3 Nc6 13.Qd3 Be7 14.Nb3 O-O 15.g4 Rd8
16.Kb1 Bd7 17.Bf2 Na5 18.e5 Bc6 19.Bd4 Nc4 20.exd6 Qxd6 21.Ne2 Qb4  0-1

[Event "AUT-chT9495"]
[Site "?"]
[Date "1995.??.??"]
[Round "?"]
[White "Watzka, Horst"]
[Black "Pirisi, Gabor"]
[Result "1/2-1/2"]
[WhiteElo "2350"]
[BlackElo "2405"]

1.e4 c5 2.Nf3 d6 3.Bb5+ Nc6 4.O-O Bd7 5.Re1 a6 6.Bf1 g6 7.c3 Bg4 8.d3 Bg7
9.Nbd2 e6 10.h3 Bxf3 11.Nxf3 Nge7 12.Bg5 O-O 13.Qd2 Re8 14.Nh2 f6 15.Bh6 Bh8
16.Ng4 Ne5 17.Nxe5 dxe5 18.Rad1 Nc6 19.f4 exf4 20.Bxf4 f5 21.exf5 gxf5 22.Qf2 Qe7
23.d4 cxd4 24.cxd4 Qf6 25.Bc4 Bg7 26.d5 exd5 27.Bxd5+ Kh8 28.b3 Rxe1+ 29.Qxe1 Ne7
30.Kh1 Nxd5 31.Rxd5 Qf7 32.Qd1 Re8 33.Rd7 Re7 34.Rd8+ Re8 35.Qd7 Qxd7 36.Rxd7 b5
37.Ra7 Bd4 38.Rxa6 Re1+ 39.Kh2 Rf1 40.Kg3 Bf2+ 41.Kh2 Bg1+ 42.Kg3 Bf2+  1/2-1/2

[Event "AUT-chT9495"]
[Site "?"]
[Date "1995.??.??"]
[Round "?"]
[White "Dueckstein, Andreas"]
[Black "Loebler, Heimo"]
[Result "1-0"]
[WhiteElo "2345"]
[BlackElo "2285"]

1.e4 c5 2.Nf3 d6 3.Bb5+ Nd7 4.d4 Nf6 5.e5 Qa5+ 6.Nc3 Ne4 7.Bd2 Nxc3 8.Bxd7+ Bxd7
9.Bxc3 Qa6 10.Qd2 e6 11.exd6 cxd4 12.Qxd4 Qxd6 13.Qe3 Qa6 14.a3 f6 15.O-O-O O-O-O
16.Bd4 Kb8 17.Rd2 Be7 18.Rhd1 Bc8 19.Ne1 b6 20.Qg3+ Bd6 21.Qxg7 Qc4 22.Kb1 e5
23.Bxb6 axb6 24.Rxd6  1-0

[Event "AUT-chT2S 9596"]
[Site "AUT"]
[Date "1995.??.??"]
[Round "?"]
[White "Riedner, Martin"]
[Black "Klocker, Hartmut"]
[Result "1/2-1/2"]
[WhiteElo "2170"]
[BlackElo "2205"]

1.e4 c5 2.Nf3 d6 3.Bb5+ Bd7 4.Bxd7+ Qxd7 5.O-O Nc6 6.c3 Nf6 7.d4 Nxe4 8.d5 Ne5
9.Nxe5 dxe5 10.Re1 Nd6 11.Rxe5 g6 12.Re1 Bg7 13.Bg5 Nf5 14.Qd2 O-O 15.Na3 h6
16.Bf4 b5 17.Nc2 Rfd8 18.Rad1 a5 19.Ne3 Nd6 20.Qe2 b4 21.c4 e5 22.dxe6 Qxe6
23.Rd5 Nb7 24.Qd2 g5 25.Bc7 Re8 26.Rd1 Rac8 27.Bg3 Rcd8 28.h3 Bd4 29.Rxd8 Nxd8
30.Re1 Nc6  1/2-1/2

[Event "AUT-chT2O 9596"]
[Site "AUT"]
[Date "1995.??.??"]
[Round "7"]
[White "Tkaczuk, Rainer"]
[Black "Wallner, Alfred"]
[Result "1/2-1/2"]
[WhiteElo "2235"]
[BlackElo "2185"]

1.e4 c5 2.Nf3 d6 3.Bb5+ Nc6 4.O-O Bd7 5.Re1 a6 6.Bxc6 Bxc6 7.c4 Nf6 8.Nc3 e5
9.d3 Be7 10.Rb1 a5 11.Bg5 O-O 12.Nd2 Ne8 13.Bxe7 Qxe7 14.Nd5 Bxd5 15.exd5 Qd8
16.a3 f5 17.b4 axb4 18.axb4 b6 19.bxc5 bxc5 20.Rb7 Rb8 21.Rxb8 Qxb8 22.Qc2 Qc8
23.Nb3 Qd8 24.f4  1/2-1/2

[Event "Bad Woerishofen op"]
[Site "Bad Woerishofen"]
[Date "1995.??.??"]
[Round "2"]
[White "Graf, Christian"]
[Black "Mainka, Romuald"]
[Result "0-1"]
[WhiteElo "2235"]
[BlackElo "2515"]

1.e4 c5 2.Nf3 d6 3.Bb5+ Bd7 4.Bxd7+ Nxd7 5.d4 cxd4 6.Qxd4 Ngf6 7.O-O g6 8.e5 dxe5
9.Nxe5 Bg7 10.Nxd7 Qxd7 11.Qxd7+ Nxd7 12.Na3 O-O 13.Rb1 Nc5 14.Bg5 Na4 15.c3 f6
16.Be3 b6 17.Nb5 Rfc8 18.Rfc1 a6 19.b3 Nc5 20.Bxc5 Rxc5 21.Na3 Bh6 22.Re1 Rxc3
23.Nc4 b5 24.Nb6 Ra7 25.Nd5 Rc5 26.Nxe7+ Kf7 27.b4 Rc2 28.Nd5 Rxa2 29.g3 Rd7
30.Red1 Rd2 31.Rxd2 Bxd2 32.Ne3 Bxe3 33.fxe3 Ke6 34.Rc1 Ke5 35.Rc6 Rd6 36.Rc7 Ke4
37.Kg2 h5 38.Re7+ Kd3 39.Kf3 Kc3 40.Rg7 g5  0-1

[Event "Balatonbereny-B"]
[Site "Balatonbereny"]
[Date "1995.??.??"]
[Round "5"]
[White "Horvath, Tamas"]
[Black "Orso, Miklos"]
[Result "1/2-1/2"]
[WhiteElo "2425"]
[BlackElo "2400"]

1.e4 c5 2.Nf3 d6 3.Bb5+ Bd7 4.Bxd7+ Qxd7 5.O-O e6 6.c4 Nc6 7.d4 cxd4 8.Nxd4 Nf6
9.Nc3 Be7 10.b3 O-O 11.Bb2 Rac8 12.Nxc6 Qxc6 13.Qe2 Rfd8 14.Rfd1  1/2-1/2

[Event "Balatonbereny op"]
[Site "Balatonbereny"]
[Date "1995.??.??"]
[Round "9"]
[White "Barczay, Laszlo"]
[Black "Farago, Sandor"]
[Result "1-0"]
[WhiteElo "2425"]
[BlackElo "2360"]

1.e4 c5 2.Nf3 d6 3.Bb5+ Bd7 4.Bxd7+ Qxd7 5.O-O Nf6 6.Re1 e6 7.b3 Nc6 8.Bb2 Be7
9.d4 cxd4 10.Nxd4 O-O 11.c4 Rfd8 12.Nc3 Ne8 13.Nc2 Bf6 14.Ne3 a6 15.Qd2 Rab8
16.Rad1 b5 17.Ne2 Bxb2 18.Qxb2 Qb7 19.Ng3 Nf6 20.h3 Qb6 21.Rd2 Ne5 22.cxb5 axb5
23.Red1 h6 24.Nc2 b4 25.Rd4 Qc5 26.Ne3 Nc6 27.Rc4 Qb5 28.Qc2 Ne7 29.Qb2 d5
30.Rc7 Ng6 31.exd5 Nxd5 32.Nxd5 Rxd5 33.Rxd5 Qxd5 34.Rc4 h5 35.Rd4 Qe5 36.Qd2 Qa5
37.a4 h4 38.Nf1 e5 39.Rd5 Qa8 40.Ne3 f6 41.Rd7 Nf8 42.Re7 Ng6 43.Rc7 Nf4
44.Qd7  1-0

[Event "Regionalliga SO9596"]
[Site "Bayern"]
[Date "1995.??.??"]
[Round "?"]
[White "Schweiger, Georg"]
[Black "Pflug, Matthias"]
[Result "0-1"]
[WhiteElo "2100"]
[BlackElo "1810"]

1.e4 c5 2.Nf3 d6 3.Bb5+ Bd7 4.Bxd7+ Nxd7 5.d4 cxd4 6.Qxd4 Ngf6 7.Bg5 g6 8.Nc3 Bg7
9.O-O O-O 10.Rad1 h6 11.Bh4 Nc5 12.e5 Nfd7 13.Qe3 dxe5 14.Rd5 g5 15.Bg3 e6
16.Rxc5 Nxc5 17.Qxc5 e4 18.Bc7 b6 19.Qc4 Qe7 20.Be5 exf3 21.Bxg7 Kxg7 22.Re1 fxg2
23.Qg4 Rad8 24.Qxg2 Rd2 25.Ne4 Rxc2 26.h4 f5 27.Ng3 g4 28.Nxf5+  0-1

[Event "Oberliga Bayern9596"]
[Site "Bayern"]
[Date "1995.??.??"]
[Round "?"]
[White "Mischustov, Michael"]
[Black "Mandl, Robert"]
[Result "1-0"]
[WhiteElo "2380"]
[BlackElo "2425"]

1.e4 c5 2.Nf3 d6 3.Bb5+ Nd7 4.O-O a6 5.Bxd7+ Bxd7 6.d4 cxd4 7.Qxd4 Nf6 8.Bg5 h6
9.Bxf6 gxf6 10.Nc3 Rg8 11.Nd5 Bg7 12.Qe3 Rc8 13.c3 Rc5 14.Rad1 e6 15.Nf4 Qc7
16.Rfe1 Bf8 17.Rd2 Be7 18.Ne2 h5 19.Qh6 f5 20.Qh7 Rg4 21.Qh8+ Bf8 22.Ng3 Ke7
23.Nxf5+ Rxf5 24.exf5 Bc6 25.f6+ Ke8 26.Rxe6+ fxe6  1-0

[Event "Oberliga Bayern9495"]
[Site "Bayern"]
[Date "1995.??.??"]
[Round "2"]
[White "Bus, Mariusz"]
[Black "Wach, Markus"]
[Result "0-1"]
[WhiteElo "2385"]
[BlackElo "2380"]

1.e4 c5 2.Nf3 d6 3.Bb5+ Bd7 4.Bxd7+ Qxd7 5.O-O Nc6 6.c3 Nf6 7.Re1 e6 8.d4 cxd4
9.cxd4 d5 10.e5 Ne4 11.Nbd2 Nxd2 12.Bxd2 Be7 13.Qb3 O-O 14.Qd3 Rac8 15.h4 f5
16.exf6 Bxf6 17.Re2 Nd8 18.Rae1 Rc6 19.Bg5 Nf7 20.Qe3 Qe7 21.Bxf6 Qxf6 22.Qb3 Rb6
23.Qa3 a6 24.Rc1 Qf4 25.Rec2 Nd6 26.Qe3 Qxe3 27.fxe3 Nc4 28.b3 Nxe3 29.Rc8 Ng4
30.h5 h6 31.Ne5 Nxe5 32.dxe5 Rb5 33.Rxf8+ Kxf8 34.Rc8+ Ke7 35.Rc7+ Ke8 36.Rxg7 d4
37.Rg4 Rd5 38.Kf2 d3 39.Ke1 Rxe5+ 40.Kd2 Rxh5 41.Kxd3 Rg5 42.Re4 Kd7 43.g4 Kd6
44.Rb4 b5 45.Rf4 h5 46.gxh5 Rxh5 47.a4 Rh3+ 48.Kc2 Re3 49.a5 Kc5 50.b4+ Kd5
51.Rf7 Re4 52.Rd7+ Ke5 53.Ra7 Rc4+ 54.Kd3 Rc6 55.Rh7 Kd5 56.Rd7+ Rd6 57.Rc7 e5
58.Rc5+ Ke6+ 59.Ke3 Kf5 60.Rc8 Rh6 61.Ra8 Rh3+ 62.Ke2 Ke4 63.Rxa6 Rh2+ 64.Kf1 Rb2
65.Rb6 Rxb4 66.a6 Kf3 67.Ke1 e4 68.a7 Ra4 69.Rb7 Ke3 70.Kd1 Ra2 71.Re7 b4
72.Rb7 Ra3 73.Kc2 Kf3 74.Kd1 Ra1+ 75.Kd2 Ra2+ 76.Kd1 b3 77.Rf7+ Ke3 78.Rb7 Ra1+  0-1

[Event "Oberliga Bayern9495"]
[Site "Bayern"]
[Date "1995.??.??"]
[Round "2"]
[White "Mischustov, Michael"]
[Black "Wach, Markus"]
[Result "1/2-1/2"]
[WhiteElo "2370"]
[BlackElo "2380"]

1.e4 c5 2.Nf3 d6 3.Bb5+ Bd7 4.Bxd7+ Nxd7 5.O-O g6 6.Re1 Bg7 7.c3 Ngf6 8.d4 cxd4
9.cxd4 O-O 10.Nc3 e5 11.Bg5 h6 12.Bxf6 Qxf6 13.Nd5 Qd8 14.dxe5 dxe5 15.Rc1 Nb6
16.Rc5 Qd6 17.Rb5 Rfd8 18.Qe2 Nxd5 19.Rxd5 Qc7 20.Red1 Rxd5 21.Rxd5 Rd8 22.Rxd8+ Qxd8
23.g3 Qc7 24.Kg2 Bf8 25.Qd3 Bd6 26.Qd5 Kg7 27.b3 a6 28.a4 Kf6 29.h4 Bb4 30.g4 Bc3
31.h5 gxh5 32.gxh5 Qc8 33.Qd6+ Qe6 34.Qd8+ Kg7 35.Qh4 Qxb3 36.Qg4+ Kf6 37.Nh4 Qc2
38.Qf3+ Ke6 39.Qg4+ Kf6 40.Qf3+ Ke6 41.Qg4+  1/2-1/2

[Event "Regionalliga SO9495"]
[Site "Bayern"]
[Date "1995.??.??"]
[Round "3"]
[White "Doerfler, Guenther"]
[Black "Fischer, Michael"]
[Result "1/2-1/2"]
[WhiteElo "1990"]
[BlackElo "2070"]

1.e4 c5 2.Nf3 d6 3.Bb5+ Nd7 4.d4 cxd4 5.Qxd4 a6 6.Bxd7+ Bxd7 7.c4 Nf6 8.Bg5 e6
9.Nc3 Be7 10.O-O Qc7 11.Rfe1 O-O 12.Rad1 Rfd8 13.b3 Rac8 14.e5 dxe5 15.Nxe5 Be8
16.Qe3 Rxd1 17.Rxd1 Rd8 18.Rxd8 Qxd8 19.Qd3 Qa5 20.Nf3 Bc6 21.Bd2 Qd8  1/2-1/2